Normal view MARC view
  • Sing Ranvijay

Entry Personal Name

Number of records used in: 1

001 - CONTROL NUMBER

  • control field: 217784

003 - CONTROL NUMBER IDENTIFIER

  • control field: OSt

005 - DATE AND TIME OF LATEST TRANSACTION

  • control field: 20260514122901.0

008 - FIXED-LENGTH DATA ELEMENTS

  • fixed length control field: 260514|| aca||aabn | a|a d

040 ## - CATALOGING SOURCE

  • Original cataloging agency: OSt
  • Transcribing agency: OSt

100 ## - HEADING--PERSONAL NAME

  • Personal name: Sing Ranvijay

670 ## - SOURCE DATA FOUND

  • Source citation: Work cat.: (OSt)370958: Sing Ranvijay, Fundamentals Of Hotel Managemnt Food Science